Fr. Conceicao Rodrigues College of Engineering

Graph theory with applications to engineering & computer science (Record no. 25209)

MARC details
000 -LEADER
fixed length control field 00320nam a2200133Ia 4500
082 ## - DEWEY DECIMAL CLASSIFICATION NUMBER
Classification number 511.502462
Item number DEO
100 ## - MAIN ENTRY--PERSONAL NAME
Personal name Deo/Narsingh
245 ## - TITLE STATEMENT
Title Graph theory with applications to engineering & computer science
260 ## - PUBLICATION, DISTRIBUTION, ETC.
Name of publisher, distributor, etc. prentice hall
300 ## - PHYSICAL DESCRIPTION
Extent 478
546 ## - LANGUAGE NOTE
Language note ENGLISH
654 ## - SUBJECT ADDED ENTRY--FACETED TOPICAL TERMS
Focus term graph theory
942 ## - ADDED ENTRY ELEMENTS (KOHA)
Koha item type BOOK
Holdings
Withdrawn status Lost status Damaged status Not for loan Collection Home library Current library Date acquired Cost, normal purchase price Total Checkouts Full call number Barcode Date last seen Cost, replacement price Price effective from Koha item type
        CRC Fr. Agnel's C.Rodrigues College of Engineering Fr. Agnel's C.Rodrigues College of Engineering 17/03/2023 48.00   511.502462 DEO 1459 17/03/2023 48.00 17/03/2023 BOOK